000 00295nam a22001337a 4500
008 171027b xxu||||| |||| 00| 0 eng d
020 _a9780314158604
041 _aeng
080 _21ST
_a336
100 _a56
101 _aFIN
245 _aSECURED TRANSACTIONS
_cRUSCH,L.J
942 _2udc
_cBK
999 _c36294
_d36294